[Event "Bialystok Zamenhof Memorial 35th"]
[Site "Bialystok"]
[Date "2016.12.27"]
[Round "1"]
[White "Nasuta, Grzegorz"]
[Black "Niedzwiedz, Marek"]
[Result "1-0"]
[WhiteElo "2448"]
[BlackElo "2088"]
[PlyCount "65"]
[EventDate "2016.12.27"]
[EventType "swiss (rapid)"]
[EventRounds "9"]
[EventCountry "POL"]
[SourceTitle "CBM 176 Extra"]
[Source "ChessBase"]
[SourceDate "2017.03.02"]
[SourceVersion "1"]
[SourceVersionDate "2017.03.02"]
[SourceQuality "1"]

1. e4 d6 2. d4 Nf6 3. Nc3 g6 4. f4 Bg7 5. Nf3 0-0 6. Bd3 Na6 7. 0-0 c5 8. d5 Bg4 9. Bc4 Nd7 10. h3 Bxf3 11. Qxf3 Nb4 12. Qd1 Nb6 13. Be2 Na6 14. a3 Nc7 15. Be3 e6 16. dxe6 Nxe6 17. Nb5 d5 18. f5 d4 19. fxe6 a6 20. exf7+ Rxf7 21. Rxf7 Kxf7 22. Nxd4 cxd4 23. Bf2 Qd6 24. c3 Rd8 25. Qb3+ Qe6 26. Qxe6+ Kxe6 27. Rd1 dxc3 28. Bxb6 c2 29. Bg4+ Ke5 30. Bxd8 cxd1Q+ 31. Bxd1 b5 32. Bf3 Kf4 33. Bc7+ 1-0

[Event "POL-chT 2nd League"]
[Site "Ustron"]
[Date "2008.09.12"]
[Round "7.79"]
[White "Grabarczyk, Bogdan"]
[Black "Niedzwiedz, Marek"]
[Result "1-0"]
[WhiteElo "2449"]
[BlackElo "2088"]
[PlyCount "97"]
[EventDate "2008.09.06"]
[EventType "team-swiss"]
[EventRounds "9"]
[EventCountry "POL"]
[SourceTitle "EXT 2015"]
[Source "ChessBase"]
[SourceDate "2014.11.20"]
[SourceVersion "1"]
[SourceVersionDate "2014.11.20"]
[SourceQuality "1"]
[WhiteTeam "Gostynin Gostmat 83"]
[BlackTeam "Katowice Hetman Szopienice II"]
[WhiteTeamCountry "POL"]
[BlackTeamCountry "POL"]

1. e4 c5 2. Nf3 d6 3. d4 cxd4 4. Nxd4 Nf6 5. Nc3 a6 6. g3 e5 7. Nb3 Be7 8. a4 Be6 9. Bg2 0-0 10. 0-0 Nc6 11. Nd5 Bxd5 12. exd5 Na5 13. Nd2 Rc8 14. b3 Qc7 15. c4 b6 16. f4 Nd7 17. Bh3 Rce8 18. Ra2 exf4 19. gxf4 Bf6 20. Nf3 Re7 21. Kh1 Rfe8 22. Rg2 Qc5 23. Bf5 Qb4 24. Bc2 Nc5 25. Bd2 Bc3 26. Bxh7+ Kf8 27. Rfg1 Bxd2 28. Rxg7 Re3 29. Nxd2 Ke7 30. Nf1 Re1 31. Qh5 Kd8 32. Qxf7 R1e7 33. Qf6 Nd7 34. Qh4 Qxb3 35. Nd2 Qe3 36. Bg6 Kc7 37. Bxe8 Rxe8 38. Qg4 Rd8 39. Nf3 Qe4 40. Re1 Qxc4 41. Ree7 Qxa4 42. Ng5 Qa1+ 43. Qg1 Qa3 44. Ne6+ Kc8 45. Qf1 Nb3 46. Nxd8 Nd2 47. Qe2 Qa1+ 48. Kg2 Qa5 49. Qe6 1-0

[Event "POL-chT 2nd League"]
[Site "Ustron"]
[Date "2008.09.10"]
[Round "4.85"]
[White "Niedzwiedz, Marek"]
[Black "Wawrowski, Zbigniew"]
[Result "1-0"]
[WhiteElo "2088"]
[BlackElo "2201"]
[PlyCount "76"]
[EventDate "2008.09.06"]
[EventType "team-swiss"]
[EventRounds "9"]
[EventCountry "POL"]
[SourceTitle "EXT 2015"]
[Source "ChessBase"]
[SourceDate "2014.11.20"]
[SourceVersion "1"]
[SourceVersionDate "2014.11.20"]
[SourceQuality "1"]
[WhiteTeam "Katowice Hetman Szopienice II"]
[BlackTeam "Walbrzych KSz Hetman"]
[WhiteTeamCountry "POL"]
[BlackTeamCountry "POL"]

1. e4 Nc6 2. d4 e5 3. Nf3 exd4 4. Nxd4 Qh4 5. Nc3 Bb4 6. Qd3 Nf6 7. Nxc6 bxc6 8. Bd2 Bxc3 9. Bxc3 0-0 10. e5 Nd5 11. g3 Qe7 12. Bg2 Nxc3 13. Qxc3 f6 14. 0-0-0 fxe5 15. Rhe1 Qf6 16. Rxe5 Rb8 17. f4 d6 18. Re3 Bg4 19. Qxf6 Rxf6 20. Rde1 Bd7 21. Rb3 Ra8 22. Ree3 g5 23. Re7 Be8 24. Rxc7 gxf4 25. gxf4 d5 26. Rg3+ Kh8 27. c4 dxc4 28. Be4 Rf7 29. Bxc6 Rd8 30. Rxf7 Bxf7 31. Kc2 Bg6+ 32. Kc3 Rb8 33. Re3 Bb1 34. Re8+ Rxe8 35. Bxe8 Bxa2 36. Bf7 Kg7 37. Bxc4 Bxc4 38. Kxc4 Kf6 1-0

[Event "Chorzow op"]
[Site "Chorzow"]
[Date "2008.04.01"]
[Round "6"]
[White "Krzempek, Krystian"]
[Black "Niedzwiedz, Marek"]
[Result "1-0"]
[WhiteElo "1629"]
[BlackElo "2074"]
[PlyCount "114"]
[EventDate "2008.03.29"]
[EventType "swiss"]
[EventRounds "9"]
[EventCountry "POL"]
[SourceTitle "EXT 2010"]
[Source "ChessBase"]
[SourceDate "2010.11.25"]
[SourceVersion "1"]
[SourceVersionDate "2010.11.25"]
[SourceQuality "1"]

1. d4 d5 2. c4 c6 3. Nc3 Nf6 4. e3 e6 5. Nf3 Nbd7 6. Be2 dxc4 7. Bxc4 b5 8. Bd3 a6 9. 0-0 c5 10. b3 Bb7 11. Bb2 Be7 12. Ne2 0-0 13. Ng3 cxd4 14. Bxd4 e5 15. Nxe5 Nxe5 16. Bxe5 Qd5 17. Qf3 Qxf3 18. gxf3 Bxf3 19. Nf5 Ba3 20. Nd4 Bb7 21. Bxf6 gxf6 22. Rab1 Kh8 23. f3 Bc5 24. Be4 Bxe4 25. fxe4 Rg8+ 26. Kf2 Rg4 27. Kf3 Rh4 28. Rbc1 Ba3 29. Rc6 Rxh2 30. Rxf6 Rxa2 31. Rh1 Bb2 32. Rxf7 Kg8 33. Rhxh7 Bxd4 34. exd4 Rb2 35. e5 Rxb3+ 36. Ke4 a5 37. Rfg7+ Kf8 38. Rh8+ Kxg7 39. Rxa8 a4 40. e6 Kf6 41. Kd5 Re3 42. Rf8+ Ke7 43. Rf7+ Ke8 44. Kd6 a3 45. Rb7 Kf8 46. Rxb5 a2 47. Ra5 Re2 48. Kd7 Kg7 49. d5 Re5 50. Rxa2 Rxd5+ 51. Ke8 Rd1 52. e7 Re1 53. Rg2+ Kh6 54. Rd2 Rf1 55. Rg2 Rd1 56. Rg4 Kh5 57. Re4 Kg6 1-0

[Event "POL-chT U19 2nd League"]
[Site "Lublin"]
[Date "2007.07.10"]
[Round "5"]
[White "Nowacki, Adrian"]
[Black "Niedzwiedz, Marek"]
[Result "1-0"]
[WhiteElo "2055"]
[BlackElo "2061"]
[PlyCount "59"]
[EventDate "2007.07.07"]
[EventType "team-swiss"]
[EventRounds "11"]
[EventCountry "POL"]
[SourceTitle "EXT 2010"]
[Source "ChessBase"]
[SourceDate "2010.11.25"]
[SourceVersion "1"]
[SourceVersionDate "2010.11.25"]
[SourceQuality "1"]
[WhiteTeam "Kozuchow Odrodzenie U19"]
[BlackTeam "Szopienice HetMaN U19"]
[WhiteTeamCountry "POL"]
[BlackTeamCountry "POL"]

1. e4 c5 2. Nf3 d6 3. d4 cxd4 4. Nxd4 Nf6 5. Nc3 a6 6. Be3 e6 7. f3 Be7 8. g4 0-0 9. Qd2 Nc6 10. 0-0-0 Nxd4 11. Bxd4 b5 12. h4 Nd7 13. Qf2 Qa5 14. Kb1 b4 15. Ne2 e5 16. Be3 Nc5 17. Nc1 Be6 18. g5 Qb6 19. h5 a5 20. g6 h6 21. Qd2 fxg6 22. hxg6 Rxf3 23. Bd3 Qc7 24. Bxh6 Nxd3 25. Nxd3 Qc4 26. b3 Qd4 27. Bxg7 Qe3 28. Qxe3 Rxe3 29. Rh8+ Kxg7 30. Rxa8 1-0

[Event "Zabrze Spring op"]
[Site "Zabrze"]
[Date "2007.05.29"]
[Round "10"]
[White "Galyga, Jozef"]
[Black "Niedzwiedz, Marek"]
[Result "0-1"]
[WhiteElo "1967"]
[BlackElo "2022"]
[PlyCount "78"]
[EventDate "2007.05.22"]
[EventType "swiss"]
[EventRounds "10"]
[EventCountry "POL"]
[SourceTitle "EXT 2011"]
[Source "ChessBase"]
[SourceDate "2010.11.26"]
[SourceVersion "1"]
[SourceVersionDate "2010.11.26"]
[SourceQuality "1"]

1. e4 c5 2. Nf3 e6 3. d3 d5 4. Nbd2 Nc6 5. g3 Nf6 6. Bg2 Be7 7. 0-0 b6 8. Re1 Bb7 9. c3 Qc7 10. a3 dxe4 11. dxe4 0-0-0 12. Qe2 Nd7 13. e5 h6 14. b4 g5 15. b5 Na5 16. c4 h5 17. Bb2 h4 18. g4 Nf8 19. Ne4 Bxe4 20. Qxe4 Ng6 21. Rad1 Nf4 22. Bc1 Rxd1 23. Rxd1 Rd8 24. Rxd8+ Qxd8 25. Qa8+ Kc7 26. Qxd8+ Bxd8 27. Bxf4 gxf4 28. Kf1 Nxc4 29. Ke1 Nxa3 30. Bf1 a6 31. bxa6 b5 32. Kd2 Kb6 33. Kc3 Be7 34. g5 Kxa6 35. Nxh4 c4 36. Nf3 b4+ 37. Kb2 Nb5 38. Nd4 Bxg5 39. Nc2 Ka5 0-1

[Event "Zabrze Spring op"]
[Site "Zabrze"]
[Date "2007.05.28"]
[Round "9"]
[White "Sowa, Bernard"]
[Black "Niedzwiedz, Marek"]
[Result "0-1"]
[WhiteElo "1917"]
[BlackElo "2022"]
[PlyCount "54"]
[EventDate "2007.05.22"]
[EventType "swiss"]
[EventRounds "10"]
[EventCountry "POL"]
[SourceTitle "EXT 2011"]
[Source "ChessBase"]
[SourceDate "2010.11.26"]
[SourceVersion "1"]
[SourceVersionDate "2010.11.26"]
[SourceQuality "1"]

1. e4 d6 2. d4 Nf6 3. Nc3 g6 4. f4 Bg7 5. Nf3 0-0 6. e5 dxe5 7. fxe5 Nd5 8. Nxd5 Qxd5 9. Bd3 Bg4 10. Be3 c5 11. c4 Qd7 12. d5 Bxf3 13. Qxf3 Bxe5 14. Bxc5 Bxb2 15. 0-0 Qc7 16. Be3 Bxa1 17. Rxa1 Nd7 18. Bf4 Qb6+ 19. Kh1 Qf6 20. Re1 e5 21. dxe6 fxe6 22. g3 e5 23. Qg4 exf4 24. Re6 Qa1+ 25. Kg2 Ne5 26. Rxg6+ Nxg6 27. Bxg6 hxg6 0-1

[Event "Zabrze Spring op"]
[Site "Zabrze"]
[Date "2007.05.24"]
[Round "3"]
[White "Sroka, Janusz"]
[Black "Niedzwiedz, Marek"]
[Result "0-1"]
[WhiteElo "2106"]
[BlackElo "2022"]
[PlyCount "78"]
[EventDate "2007.05.22"]
[EventType "swiss"]
[EventRounds "10"]
[EventCountry "POL"]
[SourceTitle "EXT 2011"]
[Source "ChessBase"]
[SourceDate "2010.11.26"]
[SourceVersion "1"]
[SourceVersionDate "2010.11.26"]
[SourceQuality "1"]

1. e4 c5 2. g3 d5 3. exd5 Qxd5 4. Nf3 Bg4 5. Bg2 Qe6+ 6. Kf1 Nc6 7. h3 Bh5 8. d3 Qd7 9. Na3 e6 10. Ne5 Bxd1 11. Nxd7 Kxd7 12. f3 Nd4 13. c3 Nc2 14. Kf2 Nxa3 15. Rxd1 Nb5 16. a4 Nc7 17. f4 Rb8 18. d4 cxd4 19. Be3 Bc5 20. cxd4 Bd6 21. d5 Nxd5 22. Bxd5 exd5 23. Rxd5 Nf6 24. Ra5 a6 25. Rd1 Rbc8 26. Kf3 Rc6 27. g4 Kc7 28. g5 Ne8 29. Rf5 f6 30. a5 g6 31. Bb6+ Kd7 32. Rfd5 Nc7 33. R5d3 fxg5 34. b4 Rf8 35. Rxd6+ Rxd6 36. Rxd6+ Kxd6 37. Bc5+ Kd5 38. Bxf8 gxf4 39. Bh6 Ne6 0-1

[Event "Chorzow op"]
[Site "Chorzow"]
[Date "2007.03.30"]
[Round "9"]
[White "Orzech, Dominik"]
[Black "Niedzwiedz, Marek"]
[Result "1-0"]
[WhiteElo "2300"]
[BlackElo "2022"]
[PlyCount "97"]
[EventDate "2007.03.24"]
[EventType "swiss"]
[EventRounds "9"]
[EventCountry "POL"]
[SourceTitle "EXT 2011"]
[Source "ChessBase"]
[SourceDate "2010.11.26"]
[SourceVersion "1"]
[SourceVersionDate "2010.11.26"]
[SourceQuality "1"]

1. d4 d5 2. Nf3 Nf6 3. c4 e6 4. Nc3 c6 5. cxd5 exd5 6. Bg5 Bf5 7. Qb3 Qb6 8. Bxf6 Qxb3 9. axb3 gxf6 10. Kd2 Nd7 11. e3 Bd6 12. Nh4 Be6 13. Bd3 Nf8 14. g3 Ng6 15. Nf5 Bxf5 16. Bxf5 Ne7 17. Bd3 Kd7 18. Na4 Rae8 19. Kc3 f5 20. b4 a6 21. Nc5+ Bxc5 22. bxc5 Ke6 23. Ra4 Nc8 24. Rb4 Re7 25. Kd2 h5 26. Rg1 Rc7 27. Ke2 Ne7 28. Kf3 Kf6 29. Ra1 Re8 30. Ra3 Ng8 31. Rab3 Ree7 32. Kf4 Nh6 33. h3 Rcd7 34. Rb6 Rc7 35. Ra3 Re8 36. Ra1 Rg8 37. Be2 Kg6 38. Bf3 Re8 39. Bxd5 f6 40. Bc4 Re4+ 41. Kf3 Nf7 42. Bd3 Ng5+ 43. Kg2 Ree7 44. g4 hxg4 45. hxg4 Ne4 46. f3 Ng5 47. Bxf5+ Kg7 48. e4 Kf7 49. Kg3 1-0

[Event "Chorzow op"]
[Site "Chorzow"]
[Date "2007.03.25"]
[Round "4"]
[White "Aliavdin, Nikolai"]
[Black "Niedzwiedz, Marek"]
[Result "1-0"]
[WhiteElo "2373"]
[BlackElo "2022"]
[PlyCount "62"]
[EventDate "2007.03.24"]
[EventType "swiss"]
[EventRounds "9"]
[EventCountry "POL"]
[SourceTitle "EXT 2011"]
[Source "ChessBase"]
[SourceDate "2010.11.26"]
[SourceVersion "1"]
[SourceVersionDate "2010.11.26"]
[SourceQuality "1"]

1. e4 c5 2. Nf3 d6 3. d4 cxd4 4. Nxd4 Nf6 5. Nc3 a6 6. Bc4 e6 7. Bb3 Nc6 8. Be3 Be7 9. 0-0 0-0 10. f4 Nxd4 11. Bxd4 Nd7 12. Kh1 Nc5 13. f5 Nxb3 14. axb3 Bf6 15. Bxf6 Qxf6 16. Qxd6 Rd8 17. Qc7 Rd7 18. Qa5 b5 19. Rad1 Rxd1 20. Rxd1 Bb7 21. Qc7 Re8 22. Qxb7 exf5 23. Qd7 Qe6 24. Qxe6 fxe6 25. Kg1 fxe4 26. Nxe4 Rc8 27. c3 Rc6 28. b4 Rc4 29. Rd8+ Kf7 30. Nd6+ Ke7 31. Nxc4 Kxd8 1-0

[Event "POL-chT3 U19 Slaska"]
[Site "Slask"]
[Date "2007.01.27"]
[Round "2.14"]
[White "Mazur, Aleksandra"]
[Black "Niedzwiedz, Marek"]
[Result "0-1"]
[WhiteElo "1554"]
[BlackElo "2022"]
[PlyCount "102"]
[EventDate "2007.01.27"]
[EventType "team-tourn"]
[EventRounds "11"]
[EventCountry "POL"]
[SourceTitle "EXT 2019"]
[Source "ChessBase"]
[SourceDate "2018.10.10"]
[SourceVersion "1"]
[SourceVersionDate "2018.10.10"]
[SourceQuality "1"]
[WhiteTeam "Imielin MKSz Diagonalia U19"]
[BlackTeam "Katowice Hetman Szopienice U19"]
[WhiteTeamCountry "POL"]
[BlackTeamCountry "POL"]

1. e4 c5 2. c3 g6 3. d4 cxd4 4. cxd4 Bg7 5. Nf3 d6 6. Nc3 Nf6 7. Be2 0-0 8. 0-0 a6 9. h3 b5 10. a3 Bb7 11. Bd3 Nbd7 12. Be3 Rc8 13. Qd2 Nb6 14. Bh6 Nc4 15. Bxc4 Rxc4 16. Bxg7 Kxg7 17. Qd3 Qb6 18. Rfd1 Rfc8 19. Ne1 a5 20. e5 dxe5 21. dxe5 Ne4 22. Nxe4 Bxe4 23. Qg3 Qc5 24. Nd3 Bxd3 25. Rxd3 Re4 26. Rc3 Rc4 27. Rac1 Qd5 28. f4 Qd4+ 29. Kh2 Rxc3 30. Rxc3 Rxc3 31. bxc3 Qa4 32. Qd3 Qxf4+ 33. Qg3 Qxg3+ 34. Kxg3 f5 35. Kf4 Kf7 36. Ke3 g5 37. Kd4 h5 38. Kc5 g4 39. Kxb5 gxh3 40. gxh3 f4 41. Kc4 Ke6 42. Kd4 f3 43. Ke3 Kxe5 44. Kxf3 Kd5 45. Kg3 Kc4 46. Kh4 Kxc3 47. Kxh5 e5 48. Kg4 e4 49. Kg3 Kd2 50. h4 e3 51. h5 e2 0-1

[Event "Rewal op 11th"]
[Site "Rewal"]
[Date "2006.08.24"]
[Round "5"]
[White "Niedzwiedz, Marek"]
[Black "Lorans, Sylvain"]
[Result "1/2-1/2"]
[WhiteElo "2000"]
[BlackElo "2156"]
[PlyCount "101"]
[EventDate "2006.08.21"]
[EventType "swiss"]
[EventRounds "11"]
[EventCountry "POL"]
[SourceTitle "EXT 2010"]
[Source "ChessBase"]
[SourceDate "2010.11.25"]
[SourceVersion "1"]
[SourceVersionDate "2010.11.25"]
[SourceQuality "1"]

1. e4 d5 2. exd5 Qxd5 3. Nc3 Qd6 4. d4 a6 5. Nf3 Nf6 6. g3 Nc6 7. Bg2 Bg4 8. Be3 0-0-0 9. 0-0 e5 10. dxe5 Nxe5 11. Qxd6 Bxd6 12. Ng5 Rhe8 13. Nce4 Nxe4 14. Nxe4 Nf3+ 15. Bxf3 Bxf3 16. Nxd6+ Rxd6 17. Rfe1 f6 18. Bf4 Rde6 19. Rxe6 Rxe6 20. Be3 g5 21. Re1 Rd6 22. c3 b6 23. h3 h5 24. h4 Rd5 25. Bd4 g4 26. Kf1 c5 27. Be3 Kd7 28. Rc1 Kc6 29. Ke1 Re5 30. Kd2 Rd5+ 31. Ke1 Rd3 32. Bf4 a5 33. Bd2 a4 34. c4 Rd4 35. Be3 Rd3 36. Bd2 a3 37. b3 b5 38. cxb5+ Kxb5 39. Rc4 Bd5 40. Rc3 Rxc3 41. Bxc3 f5 42. Kd2 c4 43. bxc4+ Bxc4 44. Kc2 Bxa2 45. Be5 Be6 46. Kb1 Kc4 47. Ka1 Kd3 48. Bd6 a2 49. Bf4 Ke2 50. Kb2 Kxf2 51. Ka1 1/2-1/2

[Event "Rewal op 11th"]
[Site "Rewal"]
[Date "2006.08.23"]
[Round "4"]
[White "Ringoir, Guy"]
[Black "Niedzwiedz, Marek"]
[Result "0-1"]
[WhiteElo "1958"]
[BlackElo "2000"]
[PlyCount "94"]
[EventDate "2006.08.21"]
[EventType "swiss"]
[EventRounds "11"]
[EventCountry "POL"]
[SourceTitle "EXT 2010"]
[Source "ChessBase"]
[SourceDate "2010.11.25"]
[SourceVersion "1"]
[SourceVersionDate "2010.11.25"]
[SourceQuality "1"]

1. e4 d6 2. d4 Nf6 3. Nc3 g6 4. Nf3 Bg7 5. h3 0-0 6. Be3 c6 7. a4 Nbd7 8. e5 Ne8 9. e6 fxe6 10. Bc4 Nb6 11. Bb3 Nc7 12. Qd2 Nbd5 13. Bh6 Nxc3 14. Bxg7 Kxg7 15. Qxc3 Nd5 16. Qd2 Qb6 17. 0-0-0 Bd7 18. h4 Qb4 19. Qd3 c5 20. Bxd5 exd5 21. dxc5 Qxc5 22. h5 Bf5 23. Qd2 Rac8 24. Nd4 Rf6 25. f3 e5 26. Nxf5+ gxf5 27. Qg5+ Kf7 28. Rd2 Rg8 29. Qh4 Qc4 30. Qxc4 dxc4 31. Rh4 Rc8 32. g4 fxg4 33. fxg4 Rf1+ 34. Rd1 Rxd1+ 35. Kxd1 Kf6 36. Rh1 Kg5 37. Rg1 Rf8 38. Ke2 Rf4 39. Rd1 Rf6 40. Rg1 d5 41. b3 cxb3 42. cxb3 Rb6 43. Rg3 Rb4 44. Rd3 d4 45. Kf3 b5 46. axb5 Rxb5 47. Kg3 Rc5 0-1

[Event "POL-ch U18"]
[Site "Leba"]
[Date "2006.03.29"]
[Round "7"]
[White "Niedzwiedz, Marek"]
[Black "Markiewicz, Mateusz"]
[Result "1-0"]
[WhiteElo "2030"]
[BlackElo "1995"]
[PlyCount "33"]
[EventDate "2006.03.25"]
[EventType "swiss"]
[EventRounds "11"]
[EventCountry "POL"]
[SourceTitle "CBM 111 Extra"]
[Source "ChessBase"]
[SourceDate "2006.05.09"]
[SourceVersion "1"]
[SourceVersionDate "2006.05.09"]
[SourceQuality "1"]

1. e4 c5 2. Nf3 Nc6 3. d4 cxd4 4. Nxd4 e5 5. Nb5 d6 6. N1c3 a6 7. Na3 Be6 8. Nc4 Rc8 9. Nd5 Nd4 10. c3 Qh4 11. cxd4 Qxe4+ 12. Nce3 exd4 13. Bd3 Qh4 14. g3 Qd8 15. Qa4+ Qd7 16. Qxd4 Qc6 17. 0-0 1-0

[Event "POL-ch U18"]
[Site "Leba"]
[Date "2006.03.27"]
[Round "4"]
[White "Niedzwiedz, Marek"]
[Black "Furman, Bartosz"]
[Result "1-0"]
[WhiteElo "2030"]
[BlackElo "1866"]
[PlyCount "100"]
[EventDate "2006.03.25"]
[EventType "swiss"]
[EventRounds "11"]
[EventCountry "POL"]
[SourceTitle "CBM 111 Extra"]
[Source "ChessBase"]
[SourceDate "2006.05.09"]
[SourceVersion "1"]
[SourceVersionDate "2006.05.09"]
[SourceQuality "1"]

1. e4 e6 2. d4 d5 3. Nd2 a6 4. Ngf3 c5 5. exd5 exd5 6. dxc5 Bxc5 7. Nb3 Bb6 8. Bd3 Ne7 9. 0-0 0-0 10. c3 Qd6 11. Nbd4 Nbc6 12. Be3 Bg4 13. Bxh7+ Kxh7 14. Ng5+ Kg8 15. Qxg4 Nxd4 16. Bxd4 Bxd4 17. Qxd4 Rac8 18. Qd3 Qh6 19. Nf3 Rc6 20. Nd4 Rg6 21. Rae1 Nc6 22. Nxc6 bxc6 23. Re3 Qf4 24. Qd4 Qxd4 25. cxd4 Rg4 26. Rd1 Rb8 27. Rb3 Rxb3 28. axb3 Re4 29. Kf1 Kf8 30. Rd3 Rh4 31. h3 Ke7 32. Ke2 Kd6 33. b4 Rh8 34. Kd2 Rb8 35. Kc3 Re8 36. Re3 Rb8 37. h4 Rh8 38. Rh3 g6 39. g4 Ke6 40. Kb3 Kf6 41. Ka4 Ke6 42. Ka5 Rb8 43. h5 gxh5 44. gxh5 Kf6 45. h6 Ke7 46. h7 Rh8 47. Kxa6 Kd7 48. Kb7 Kd6 49. Rh6+ Kd7 50. f4 f5 1-0

[Event "Krakow op-B"]
[Site "Krakow"]
[Date "2005.12.28"]
[Round "2"]
[White "Sadzikowski, Marian"]
[Black "Niedzwiedz, Marek"]
[Result "1/2-1/2"]
[WhiteElo "2099"]
[BlackElo "1944"]
[PlyCount "62"]
[EventDate "2005.12.27"]
[EventType "swiss"]
[EventRounds "9"]
[EventCountry "POL"]
[SourceTitle "CBM 110 Extra"]
[Source "ChessBase"]
[SourceDate "2006.03.10"]
[SourceVersion "2"]
[SourceVersionDate "2006.03.10"]
[SourceQuality "1"]

1. e4 d6 2. d4 Nf6 3. Nc3 g6 4. Bg5 Bg7 5. Qd2 h6 6. Bf4 g5 7. Be3 Ng4 8. 0-0-0 c6 9. Be2 Nxe3 10. Qxe3 b5 11. Bh5 Nd7 12. e5 e6 13. Nxb5 cxb5 14. Qf3 0-0 15. Qxa8 Qb6 16. Qf3 Bb7 17. Qg3 dxe5 18. h4 exd4 19. hxg5 e5 20. Bf3 hxg5 21. Bxb7 Qxb7 22. Qxg5 Rc8 23. Rd3 Qc6 24. c3 Qe4 25. Rdh3 Qe1+ 26. Kc2 Qe4+ 27. Rd3 Nc5 28. Rhh3 Nxd3 29. Rxd3 dxc3 30. bxc3 Qa4+ 31. Kb2 b4 1/2-1/2